000 00381nam a2200145 i 4500
001 bg
100 1 _aPODRZUCKI, Czesław.
245 0 _aZarys metalurgii i odlewnictwa żeliwa.
_nCz.1 /
_cCzesław Podrzucki, Adam Kosowski.
260 _aKraków,
_c1971.
700 1 _aKOSOWSKI, Adam.
040 _cBPK
041 _apol
942 _cKS
008 s pl f |000 0 pol
999 _c7241
_d7241
856 _uhttp://koha.tu.koszalin.pl/cgi-bin/koha/opac-detail.pl?biblionumber=7241
_yKatalog online BPK